000 00459nam a2200169 i 4500
001 25598
003 ES-MaACL
005 20230906153310.0
007 t|
008 021227s1967 sp ||||1| spa d
100 1 _aArimón, Ginés.
_922833
245 1 3 _aLa pobreza en el umbral de la teología /
_cGinés Arimón.
250 _a[1ª ed.].
260 _aBarcelona :
_bEstela,
_c[1967]
300 _a113 p. ;
_c19 cm.
852 _aES-MaACL
_jC-32904
_bR.63745
999 _c25598
_d25598